| 000 | 00623nam a2200181Ia 4500 | ||
|---|---|---|---|
| 008 | 090630s9999 xx 000 0 und d | ||
| 082 | _b25819 | ||
| 100 | _aनरवणे सुधा. | ||
| 245 |
_aअभिमानानं सांगेन !. _cनरवणे सुधा. |
||
| 260 |
_bनिशिगंधा - पुणे. _c2007 |
||
| 300 | _a216 | ||
| 600 | _aनरवणे सुधा. | ||
| 630 | _aअभिमानानं सांगेन !. | ||
| 655 | _a--- | ||
| 700 | _aनरवणे सुधा. | ||
| 730 | _aअभिमानानं सांगेन !. | ||
| 942 | _cBOOK | ||
| 999 |
_c277675 _d277675 |
||